00535nam a2200229Ia 4500008004000000020001500040041000800055082001700063100002100080245005300101260003600154300001100190440000600201650000800207650001400215650000700229650001600236650000800252650001300260650001100273700002100284210210b2003 xxu||||| |||| 00| 0 eng d a0121794636 aeng a574.133 COLH aCOLE (Richard J) aHandbook of secondary fungal metabolites Vol III aAmsterdambAcademic Pressc2003 axi,672 a3 aVol asecondary aof ametabolites aIII aHandbook afungal aJARVIS (Bruce B)